000 00425nam a22001817a 4500
999 _c11849
_d11849
003 OSt
008 230302b ||||| |||| 00| 0 eng d
020 _a9789327293876
082 _a658.421 ARE
100 _aARORA, Renu
245 _aEntrepreneurship Development
250 _a1st ed.
260 _aLudhiana
_bKalyani Publishers
_c2014
300 _aMISC
650 _aB.Com.
700 _aSOOD, S.K.
942 _2ddc
_cBK